00646nam a2200193Ia 4500999001300000020001800013082001900031245008500050260003100135300000900166500002100175650002200196650003100218650003600249650002800285700002400313942000700337952010800344 c394d394 a0-89232-026-5 a306.42072 RES; 0aResearch in sociology of knowledge, sciences and art: an annual compilation of r aGreenwichbJai Pressc1978 a289p aContents: Vol.1. aSocialism and art aArt and science - Research aSociology - Research - Research aKnowledge, Sociology of aJones, Robert Alun  cBK 00104070aNASSDOCbNASSDOCd2004-06-08l0o306.42072 RES;p11450r2019-04-18 00:00:00w2019-04-18yBK